| 000 | 00795nac a22002171u 4500 | ||
|---|---|---|---|
| 010 | _a99076978 | ||
| 020 | _a0030258723 | ||
| 082 | 0 | 0 |
_a658.15 _bB555 |
| 090 |
_c1060 _d1060 |
||
| 100 | _aBesley, Scott. | ||
| 245 | 1 | 0 |
_aEssentials of managerial finance / _cScott Besley, Eugene F. Brigham. |
| 250 | _a12th ed. | ||
| 260 |
_aFort Worth : _bDryden Press, _cc2000. |
||
| 300 |
_axxviii, 809 p. : _bcol. ill. ; _c26 cm. |
||
| 440 | 4 | _aThe Dryden Press series in finance | |
| 504 | _aIncludes bibliographical references and index. | ||
| 650 | 0 |
_aCorporations _xFinance. |
|
| 700 | 1 |
_aBrigham, Eugene F., _d1930- |
|
| 942 |
_cBB _k658.15B555 |
||
| 999 |
_c1060 _d1060 |
||